[Event "Angers op 2nd"]
[Site "Angers"]
[Date "2007.04.14"]
[Round "4.30"]
[White "Caillot, Arnaud"]
[Black "Jean, Francis"]
[Result "1-0"]
[WhiteElo "1781"]
[BlackElo "1499"]
[PlyCount "97"]
[EventDate "2007.04.13"]
[EventType "swiss"]
[EventRounds "6"]
[EventCountry "FRA"]
[SourceTitle "CBM 117 Extra"]
[Source "ChessBase"]
[SourceDate "2007.05.09"]
[SourceVersion "1"]
[SourceVersionDate "2007.05.09"]
[SourceQuality "1"]

1. d4 d5 2. c4 c6 3. Nc3 Nf6 4. e3 e6 5. Nf3 Be7 6. Bd3 0-0 7. 0-0 Nbd7 8. a3 h6 9. b4 b6 10. Qb3 Rb8 11. Qa4 Bb7 12. cxd5 exd5 13. Qxa7 Qc7 14. Qa4 Ra8 15. Qb3 Ng4 16. h3 Ngf6 17. Bb2 c5 18. dxc5 bxc5 19. bxc5 Nxc5 20. Qc2 Nxd3 21. Qxd3 Ba6 22. Nb5 Bxb5 23. Qxb5 Rfb8 24. Qe2 Ne4 25. Be5 Bd6 26. Bxd6 Qxd6 27. Qd3 Nc5 28. Qc2 Nb3 29. Ra2 Ra4 30. Nd4 Rc4 31. Qd1 Rc1 32. Qd3 Nc5 33. Qe2 Rxf1+ 34. Qxf1 Rb7 35. g3 Ne6 36. Nxe6 fxe6 37. Qd3 Qb8 38. a4 Rb1+ 39. Kg2 Rb3 40. Qd2 g5 41. a5 h5 42. a6 Qd6 43. a7 Ra3 44. a8Q+ Rxa8 45. Rxa8+ Kf7 46. Qa5 Qe5 47. Ra7+ Kf6 48. Qa1 d4 49. Qxd4 1-0